Buffalo Bills MEGA quiz - Statistics

General Stats
  • This quiz has been taken 142 times
  • The average score is 6 of 8
Answer Stats
Question Answer % Correct
Current QB Josh Allen
97%
SuperBowl Appearances 4
94%
Number Doug Flutie Wore 7
80%
Year Jim kelly retired 1996
79%
Year formed 1960
75%
Where are home games played (city) Orchard Park
74%
Owner Terry Pegula
69%
Stadium Name Bills Stadium
26%
No matching quizzes found
Score Distribution
Percent of People with Each Score
Percentile by Number Answered
Your Score History
You have not taken this quiz